100 Biggest Cities of Montenegro on a Map - Statistics

General Stats
  • This quiz has been taken 271 times
  • The average score is 17 of 100
Answers on the Map
Answers color-coded by a green-red scale on the quiz's map according to % correct below.
 
Answer Stats
Population City % Correct
173,024 Podgorica
96%
15,868 Bar
75%
20,168 Budva
75%
1,360 Kotor
75%
54,394 Nikšić
70%
10,259 Herceg Novi (Topla/Savina)
58%
11,488 Ulcinj
58%
10,894 Tivat
55%
12,460 Cetinje
54%
16,419 Pljevlja
50%
771 Bijelo Polje
48%
11,635 Bijelo Polje (Nikoljac/Pruška)
48%
9,923 Berane
40%
10,581 Rožaje (Bandžovo Brdo/Hurije)
40%
4,985 Plav
37%
5,735 Tuzi (Šipčanik/Karabuško polje)
36%
5,162 Danilovgrad (Glavica/Grilć/Pažići)
35%
2,225 Gusinje
35%
2,444 Kolašin
33%
1,816 Sutomore
32%
1,499 Žabljak
32%
2,506 Mojkovac
31%
1,451 Petrovac na Moru
30%
988 Andrijevica
29%
1,102 Plužine
29%
5,897 Igalo (Provodina)
27%
2,557 Golubovci
21%
1,830 Risan
20%
960 Bečići
17%
7,345 Dobrota
17%
3,502 Bijela
16%
1,596 Stari Bar
15%
1,030 Prčanj
14%
1,882 Spuž
14%
1,227 Baošići
12%
765 Rafailovići [Viti Do]
11%
2,136 Polje
10%
1,186 Radanovići
10%
3,272 Šušanj
10%
1,396 Dobra Voda
9%
1,335 Donji Štoj
9%
1,853 Grbe
9%
863 Kumbor
9%
3,342 Škaljari
9%
1,315 Zelenika
9%
983 Balabani
8%
1,702 Mojanovići
8%
1,026 Polja
8%
800 Zaton
8%
760 Kavač
7%
2,609 Mrčevac
7%
866 Vir
7%
758 Vladimir
7%
888 Vranj
7%
4,423 Burtaiši
6%
1,239 Đenovići
6%
2,485 Ibarac
6%
2,454 Mahala
6%
1,263 Meljine
6%
2,812 Resnik
6%
758 Sutorina
6%
1,384 Tomba
6%
876 Jastreb
5%
1,207 Mataguži
5%
893 Bać
4%
777 Bajice
4%
2,079 Bjeliši
4%
1,103 Ćurilac
4%
898 Donja Lastva
4%
1,676 Donji Kokoti
4%
1,385 Goričani
4%
1,820 Nedakusi
4%
1,908 Ozrinići
4%
1,207 Podi
4%
853 Smailagića Polje
4%
1,242 Suho Polje
4%
803 Trpezi
4%
756 Zaljevo
4%
1,504 Beran Selo
3%
1,547 Čeluga
3%
1,427 Kuti
3%
1,028 Potkrajci
3%
1,040 Sutivan
3%
777 Brezojevica
2%
800 Buče
2%
2,089 Budimlja
2%
1,372 Dolac
2%
868 Donja Ržanica
2%
1,711 Donje Luge
2%
732 Kalače
2%
1,413 Lješnica
2%
1,004 Lužac
2%
1,805 Pešca
2%
750 Sukuruć
2%
988 Gornja Vrbica
1%
1,213 Loznica [Loznice]
1%
798 Pečurice
1%
1,840 Rakonje
1%
1,561 Kodre
0%
948 Velembusi
0%
No matching quizzes found
Score Distribution
Percent of People with Each Score
Percentile by Number Answered
Your Score History
You have not taken this quiz